El viaje imposible: el turismo y sus imágenes

Guardat en:
Dades bibliogràfiques
Autor principal: Augé, Marc (Autor)
Format: Llibre
Idioma:espanyol
Publicat: Barcelona Gedisa 1998
Edició:2a. ed
Col·lecció:Antropología Etnografía. Serie Cladema
Matèries:
Etiquetes: Afegir etiqueta
Sense etiquetes, Sigues el primer a etiquetar aquest registre!

MARC

LEADER 00000nam a2200000 a 4500
001 UCI5355
003 CL-VaPUC
008 080320e19980000SP |||||||||||||||||spa|d
020 |a 8474326826 
082 0 4 |a 306  |b AUG  |2 21 
100 0 |a Augé, Marc  |e author  |9 527674 
245 1 3 |a El viaje imposible: el turismo y sus imágenes 
250 |a 2a. ed 
300 |a 143 p 
942 |c BK 
945 |d 20080320 00:00:00  |a jtorresc 
260 |a Barcelona  |b Gedisa  |c 1998 
650 0 |a Antropología cultural y social   |9 265143 
650 0 |a Antropología simbólica  |9 527675 
650 0 |a Turismo  |9 308920 
650 0 |a Aspectos sociales  |9 254894 
650 0 |a Aspectos psicológicos  |9 258128 
583 |a last modification  |c 20080320 00:00:00  |k Rodrigo Vera 
490 0 |a Antropología Etnografía. Serie Cladema 
999 |c 329107  |d 329105 
952 |0 0  |1 0  |4 0  |6 306_000000000000000_AUG_1998  |7 0  |8 A  |9 413435  |a BIBEDU  |b BIBEDU  |d 2019-11-22  |i 4418700  |o 306 AUG 1998  |p 4418700  |r 2019-11-22  |w 2019-11-22  |y BK  |k FIL